00710nam a22001575i 4500001000700000003000900007005001700016008004100033040001800074100002400092245007000116260004300186300002700229600003600256852026000292164106ES-MaACL20230906212855.0021128s1877 fr |||| | fre d aNA bspa cNA1 aRuble, Alphonse de.13aLe mariage de Jeanne d'Albret / cpar le baron Alphonse de Ruble. aParis : bAdolphe Labitte ..., c1877. aXIV, 319 p. ; c25 cm.14aJuana bIII cReina de Navarra. aES-MaACLjG-4504 z-- Enc. hol. x-- Edic.: Este ejemplar tiene XIV, 321 p. -- El imp. consta en colofón: Nogent-le-Rotrou : Imprimerie Gouverneur G. Daupeley -- Consta de [1] h. de lám. retrato de Jeanne d'Albret: "P. Le rat sc. 1876, Imp. A. Salmon"